Histoire statistique du chólera-morbus qui a régné en France en 1832 (Record no. 161245)

MARC details
000 -LEADER
campo de control de longitud fija 00948nam a22001695i 4500
001 - NÚMERO DE CONTROL
campo de control 161245
003 - IDENTIFICADOR DE NÚMERO DE CONTROL
campo de control ES-MaACL
005 - FECHA Y HORA DE LA ÚLTIMA TRANSACCIÓN
campo de control 20230906212231.0
008 - DATOS DE LONGITUD FIJA--INFORMACIÓN GENERAL
campo de control de longitud fija 020724s1832 fr |||| | fre d
040 ## - FUENTE DE CATALOGACIÓN
Centro catalogador/agencia de origen CCPB | B
Lengua de catalogación spa
Centro/agencia transcriptor CCPB | B
100 1# - ENTRADA PRINCIPAL--NOMBRE DE PERSONA
Nombre de persona Paillard, H.
9 (RLIN) 88318
245 10 - MENCIÓN DEL TÍTULO
Título Histoire statistique du chólera-morbus qui a régné en France en 1832
Resto del título : suivie de réflexions sur las causes et la propagation de cette épidèmie, de 40 tableaux contenant les résultats obtenus par chacun médecins de l'Hòtel-Dieu, et le chiffre des malades et des morts en France, classés par jour et par arrondissement /
Mención de responsabilidad, etc. par H. Paillard.
260 ## - PUBLICACIÓN, DISTRIBUCIÓN, ETC.
Lugar de publicación, distribución, etc. Paris :
Nombre del editor, distribuidor, etc. chez l'auteur, a l'Hotel-Dieu :
-- et chez J-B- Baillière, libraire de l'Académie Royale de Médecine,
Fecha de publicación, distribución, etc. 1832.
300 ## - DESCRIPCIÓN FÍSICA
Extensión 114 p. ;
Dimensiones 21 cm.
650 ## - PUNTO DE ACCESO ADICIONAL DE MATERIA--TÉRMINO DE MATERIA
Término de materia o nombre geográfico como elemento de entrada Cólera-
Subdivisión geográfica Francia.
9 (RLIN) 11144
852 ## - LOCALIZACIÓN
Ubicación ES-MaACL
Número de control de estantería T-487-F-2
Nota libre -- Enc. hol.
condición física -- Falto de la cub. original
Nota libre -- Enc. en un vol. facticio
Holdings
Estatus retirado Estado de pérdida Estado de daño No para préstamo Colección Biblioteca de origen Biblioteca actual Ubicación en estantería Fecha de adquisición Total de préstamos Signatura topográfica completa Código de barras Visto por última vez Precio de reemplazo Tipo de ítem Koha
        Colección de folletos Biblioteca del Ateneo de Madrid Biblioteca del Ateneo de Madrid Depósito folletos 17/01/2008   T-487-F-2 1168893 23/02/2023 23/02/2023 Folleto